Catálogo público

Estudio sobre comercialización y distribución de pescados y mariscos en México / (Record no. 177807)

MARC details
000 -CABECERA
campo de control de longitud fija 01411nam a2200385Ia 4500
001 - NÚMERO DE CONTROL
campo de control dia_6327
003 - IDENTIFICADOR DEL NÚMERO DE CONTROL
campo de control CHAP
005 - FECHA Y HORA DE LA ÚLTIMA TRANSACCIÓN
campo de control 20250709125124.0
007 - CAMPO FIJO DE DESCRIPCIÓN FÍSICA--INFORMACIÓN GENERAL
campo de control de longitud fija ta
008 - DATOS DE LONGITUD FIJA--INFORMACIÓN GENERAL
campo de control de longitud fija 220117s1989 mx bd fr 001 0 spa d
010 ## - NÚMERO DE CONTROL DE LA BIBLIOTECA DEL CONGRESO
Número de control de LC 177807
020 ## - NÚMERO INTERNACIONAL ESTÁNDAR DEL LIBRO
Número Internacional Estándar del Libro 968-6385-00-2
040 ## - FUENTE DE LA CATALOGACIÓN
Centro/agencia transcriptor CHAP
Centro catalogador/agencia de origen mxchpua
050 ## - SIGNATURA TOPOGRÁFICA DE LA BIBLIOTECA DEL CONGRESO
Número de clasificación SH231
Número de documento/Ítem .G66 1989
082 ## - NÚMERO DE LA CLASIFICACIÓN DECIMAL DEWEY
Número de clasificación 338.372972
Número de documento/Ítem G66 1989
Número de edición 20
100 1# - ENTRADA PRINCIPAL--NOMBRE DE PERSONA
Nombre de persona González Méndez, Héctor E.
9 (RLIN) 162214
245 10 - MENCIÓN DE TÍTULO
Título Estudio sobre comercialización y distribución de pescados y mariscos en México /
Mención de responsabilidad, etc. Héctor E. González Mendez, Armando Contreras León y Alberto Tovar Castro
250 ## - MENCIÓN DE EDICIÓN
Mención de edición 1a edición
264 ## - PRODUCCIÓN, PUBLICACIÓN, DISTRIBUCIÓN, FABRICACIÓN Y COPYRIGHT
Producción, publicación, distribución, fabricación y copyright México :
Nombre del de productor, editor, distribuidor, fabricante Banco de México :
-- Fondo para el Desarrollo Comercial,
Fecha de producción, publicación, distribución, fabricación o copyright 1989
300 ## - DESCRIPCIÓN FÍSICA
Extensión xii, 325 páginas :
Otras características físicas mapas, gráficas, tablas
336 ## - TIPO DE CONTENIDO
Fuente rdacontent
Término de tipo de contenido texto
Código de tipo de contenido txt
337 ## - TIPO DE MEDIO
Fuente rdamedia
Nombre/término del tipo de medio sin medio
Código del tipo de medio n
338 ## - TIPO DE SOPORTE
Fuente rdacarrier
Nombre/término del tipo de soporte volumen
Código del tipo de soporte nc
504 ## - NOTA DE BIBLIOGRAFÍA, ETC.
Nota de bibliografía, etc. Bibliografía: páginas 324-325
650 ## - PUNTO DE ACCESO ADICIONAL DE MATERIA--TÉRMINO DE MATERIA
Término de materia o nombre geográfico como elemento de entrada Industria pesquera
9 (RLIN) 147385
Subdivisión geográfica México
650 ## - PUNTO DE ACCESO ADICIONAL DE MATERIA--TÉRMINO DE MATERIA
Término de materia o nombre geográfico como elemento de entrada Pescado
Subdivisión general Industria y comercio
9 (RLIN) 162216
Subdivisión geográfica México
650 #0 - PUNTO DE ACCESO ADICIONAL DE MATERIA--TÉRMINO DE MATERIA
Término de materia o nombre geográfico como elemento de entrada Fish industry
Subdivisión geográfica Mexico
9 (RLIN) 147383
650 ## - PUNTO DE ACCESO ADICIONAL DE MATERIA--TÉRMINO DE MATERIA
Término de materia o nombre geográfico como elemento de entrada Fish
Subdivisión general Industry and trade
9 (RLIN) 162215
Subdivisión geográfica Mexico
700 1# - PUNTO DE ACCESO ADICIONAL--NOMBRE DE PERSONA
Nombre de persona Contreras León, Armando
9 (RLIN) 162217
Término indicativo de función/relación autor
700 1# - PUNTO DE ACCESO ADICIONAL--NOMBRE DE PERSONA
Nombre de persona Tovar Castro, Alberto
9 (RLIN) 162218
Término indicativo de función/relación autor
942 ## - ELEMENTOS DE PUNTO DE ACCESO ADICIONAL (KOHA)
Fuente del sistema de clasificación o colocación Dewey Decimal Classification
942 ## - ELEMENTOS DE PUNTO DE ACCESO ADICIONAL (KOHA)
Tipo de ítem Koha Libro
901 ## - ELEMENTOS DE DATOS A LOCAL LDA (RLIN)
a 338.372972 G66 1989
905 ## - ELEMENTOS DE DATOS E LOCAL, LDE (RLIN)
a 5232271989 mx bmn 8225223322spa16
Holdings
Estado de retiro Estado de pérdida Fuente del sistema de clasificación o colocación Estado dañado Restricciones de uso No para préstamo Código de colección Localización permanente Ubicación/localización actual Fecha de adquisición Total de préstamos Signatura topográfica completa Código de barras Fecha visto por última vez Fecha del último préstamo Número de copia Precio válido a partir de Tipo de ítem Koha Fuente de adquisición Número de inventario
    Dewey Decimal Classification   Préstamo 5 días   General Ingenieria Agroindustrial Ingenieria Agroindustrial 18/01/2022 1 338.372972 G66 1989 1102002044 07/05/2024 07/05/2024 Ej. 5 18/01/2022 Libro    
    Dewey Decimal Classification   Préstamo interno   General Ingenieria Agroindustrial Ingenieria Agroindustrial 18/01/2022   338.372972 G66 1989 1102002035 18/01/2022   Ej. 1 18/01/2022 Libro    
    Dewey Decimal Classification   Préstamo 5 días   General Ingenieria Agroindustrial Ingenieria Agroindustrial 18/01/2022 1 338.372972 G66 1989 1102002041 07/05/2024 07/05/2024 Ej. 2 18/01/2022 Libro    
    Dewey Decimal Classification   Préstamo 5 días   General Ingenieria Agroindustrial Ingenieria Agroindustrial 18/01/2022   338.372972 G66 1989 1102002042 18/01/2022   Ej. 3 18/01/2022 Libro    
    Dewey Decimal Classification   Préstamo 5 días   General Ingenieria Agroindustrial Ingenieria Agroindustrial 18/01/2022 1 338.372972 G66 1989 1102002043 07/05/2024 07/05/2024 Ej. 4 18/01/2022 Libro    
    Dewey Decimal Classification   Préstamo 5 días   General Ingenieria Agroindustrial Ingenieria Agroindustrial 20/02/2024   338.372972 G66 1989 1102015000 22/03/2024   Ej. 6 20/02/2024 Libro Donación Subdirección Académica DIA Donación